000 00450nam a2200181Ia 4500
008 240925s9999 xx 000 0 und d
020 _aNA
082 _a796.44 WOR
100 _aWorsley-Gough, Barbara
245 0 _aAlibi Innings
250 _aNA
260 _aLondon:
_bMichael Joseph
_c,1954.
300 _axxv,736p.
_bN.A
_fOriginal
500 _aNA
600 _aHumanities & Natural Science
650 _aArts and Recreation
942 _cBK
999 _c12101
_d12101